[Event "FRA-ch Accession"]
[Site "Chambery"]
[Date "1994.??.??"]
[Round "8"]
[White "Bardel, Stephan"]
[Black "Ribreau, Herve"]
[Result "1-0"]
[WhiteElo "2300"]
[BlackElo "2185"]
[PlyCount "30"]
[EventDate "1994.??.??"]
[EventType "swiss"]
[EventRounds "11"]
[EventCountry "FRA"]
[SourceTitle "EXT 2004"]
[Source "ChessBase"]
[SourceDate "2003.11.25"]
[SourceVersion "1"]
[SourceVersionDate "2003.11.25"]
[SourceQuality "1"]

1. e4 e5 2. Nf3 f5 3. Nc3 fxe4 4. Nxe5 Nf6 5. Bc4 d5 6. Nxd5 Nxd5 7. Qh5+ g6 8. Nxg6 Nf6 9. Qe5+ Be7 10. Nxh8 Nc6 11. Bf7+ Kf8 12. Qg5 Bd6 13. b3 Be5 14. Ba3+ Bd6 15. Bb2 Ng4 1-0

[Event "FRA-ch Accession"]
[Site "Chambery"]
[Date "1994.??.??"]
[Round "4"]
[White "Ribreau, Herve"]
[Black "Birens, Eric Andre"]
[Result "1-0"]
[WhiteElo "2185"]
[BlackElo "2250"]
[PlyCount "91"]
[EventDate "1994.??.??"]
[EventType "swiss"]
[EventRounds "11"]
[EventCountry "FRA"]
[SourceTitle "EXT 2004"]
[Source "ChessBase"]
[SourceDate "2003.11.25"]
[SourceVersion "1"]
[SourceVersionDate "2003.11.25"]
[SourceQuality "1"]

1. b3 e5 2. Bb2 Nc6 3. e3 d5 4. Bb5 Bd6 5. f4 Qe7 6. Nf3 Bg4 7. h3 Bxf3 8. Qxf3 Nf6 9. 0-0 0-0 10. Bxc6 bxc6 11. fxe5 Bxe5 12. Bxe5 Qxe5 13. Nc3 Rad8 14. Qf4 Qe7 15. Rae1 Rd6 16. e4 Re6 17. e5 Nh5 18. Qd4 Re8 19. Qxa7 Rxe5 20. Rxe5 Qxe5 21. Qf2 Nf6 22. Qf4 Qe7 23. Qf3 d4 24. Nb1 Qc5 25. Qd3 Qb6 26. Kh1 Ne4 27. a4 c5 28. Na3 h5 29. Kg1 Qh6 30. Nc4 h4 31. Qf3 Ng5 32. Qf5 Qh5 33. a5 g6 34. Qd7 Qe2 35. a6 Qe4 36. a7 Qe6 37. Qxc7 Ne4 38. Qb8 Qc8 39. Qxc8 Rxc8 40. Nb6 Re8 41. a8Q Rxa8 42. Nxa8 Nxd2 43. Re1 f5 44. Re5 Ne4 45. Nb6 Kf7 46. Nd7 1-0

[Event "Cannes op"]
[Site "Cannes"]
[Date "1994.??.??"]
[Round "7"]
[White "Sellos, Didier"]
[Black "Ribreau, Herve"]
[Result "1-0"]
[WhiteElo "2420"]
[BlackElo "2180"]
[PlyCount "75"]
[EventDate "1994.02.??"]
[EventType "swiss"]
[EventRounds "9"]
[EventCountry "FRA"]
[SourceTitle "EXT 1997"]
[Source "ChessBase"]
[SourceDate "1996.11.15"]
[SourceVersion "1"]
[SourceVersionDate "1996.11.15"]
[SourceQuality "1"]

1. Nf3 Nf6 2. d4 d5 3. c4 c6 4. Nc3 a6 5. e3 b5 6. cxd5 cxd5 7. a4 b4 8. Na2 a5 9. Bb5+ Nbd7 10. Bd2 Ba6 11. Bxa6 Rxa6 12. 0-0 e6 13. Qe2 Qa8 14. Nc1 Bd6 15. Nb3 0-0 16. Rfc1 Rb8 17. Ne1 e5 18. dxe5 Nxe5 19. Nd4 Re8 20. b3 Ne4 21. Rc2 Bf8 22. Rac1 Rh6 23. Nef3 Bd6 24. h3 g5 25. Be1 Nxf3+ 26. Qxf3 Rf6 27. Qg4 Qa6 28. f3 Qd3 29. Re2 Bf4 30. exf4 Qxd4+ 31. Bf2 Nxf2 32. Rxe8+ Kg7 33. Qxg5+ Rg6 34. Qe5+ Qxe5 35. fxe5 Nxh3+ 36. Kf1 Nf4 37. Rcc8 Nxg2 38. Rg8+ 1-0